000 00725nam a22002057a 4500
003 AM-YeHGA
005 20250617153839.0
008 180209b xxu||||| |||| 00| 0 rus d
040 _aAM-YeHGA
041 0 _arus
100 1 _aАрлазоров, Михаил Саулович
245 1 0 _aК.Э. Циолковский :
_bСтраницы великой жизни /
_cТекст М. Арлазорова
260 _aКалуга :
_bКн. изд-во,
_c1964
300 _a55 с.,
_bил.
600 1 4 _aЦиолковский, Константин Эдуардович
653 0 _aМежпланетные полеты
653 0 _aРеактивная техника
942 _2udc
_cBK
090 _c401567
999 _c399411
_d399411